Top 15 dei paesi con decessi Covid-19 - 1 agosto - Statistics

Statistiche generali
  • Questo quiz è stato fatto 2 volte
  • Il punteggio medio è 9 su 20
Statistiche sulle risposte
nazione % Corretto
Francia
100%
Italia
100%
Russia
100%
Spagna
100%
Stati Uniti
100%
Brasile
50%
Ecuador
50%
Germania
50%
India
50%
Iran
50%
Messico
50%
Perù
50%
Regno Unito
50%
Belgio
0%
Cile
0%
Colombia
0%
Irlanda
0%
Paesi Bassi
0%
Panama
0%
Svezia
0%
Nessun quiz corrispondente trovato
Distribuzione punteggi
Percentuale di utenti per punteggio
Percentile per numero di risposta
I tuoi punteggi nel tempo
Non hai fatto questo quiz